| 000 | 01527cam a22003974a 4500 | ||
|---|---|---|---|
| 999 |
_c29351 _d29322 |
||
| 001 | 15840827 | ||
| 003 | EG-ScBUE | ||
| 005 | 20210811101234.0 | ||
| 008 | 090729t2010 nyua f 000 0 eng d | ||
| 020 | _a9780131363328 (pbk.) | ||
| 020 | _a0131363328 (pbk.) | ||
| 040 |
_aDLC _beng _erda _cDLC _dEG-ScBUE |
||
| 082 | 0 | 4 |
_a808.042 _bBLA _222 |
| 100 | 1 |
_aBlanchard, Karen Lourie, _d1951- _eauthor. |
|
| 240 | 1 | 0 | _aReady to write |
| 245 | 1 | 0 |
_aReady to write 2 : _bperfecting paragraphs / _cKaren Blanchard, Christine Root. |
| 246 | 3 | _aReady to write two | |
| 250 | _aFourth edition. | ||
| 264 | 1 |
_aWhite Plains, NY : _bPearson Education, Inc., _c[2010] |
|
| 264 | 4 | _cc2010. | |
| 300 |
_ax, 213 pages : _billustrations ; _c26 cm |
||
| 336 |
_2rdacontent _atext _btxt |
||
| 337 |
_2rdamedia _aunmediated _bn |
||
| 338 |
_2rdacarrier _avolume _bnc |
||
| 500 | _aPreviously published as: Ready to Write, A First Composition Text, 3rd ed., 2002. | ||
| 650 | 7 |
_aEnglish language _vTextbooks for foreign speakers. _2BUEsh |
|
| 650 | 7 |
_aEnglish language _xComposition and exercises. _2BUEsh |
|
| 650 | 7 |
_aEnglish language _xParagraphs. _2BUEsh |
|
| 650 | 7 |
_aReport writing _vProblems, exercises, etc. _2BUEsh |
|
| 653 |
_bHHUUEENN _cAugust2021 |
||
| 655 |
_vReading book _934232 |
||
| 700 | 1 |
_aRoot, Christine Baker, _d1945- _eauthor. _936439 |
|
| 906 |
_a7 _bcbc _corignew _d1 _eecip _f20 _gy-gencatlg |
||
| 942 |
_2ddc _cBB |
||